000 00641nam a2200169Ia 4500
008 090711s9999 xx 000 0 und d
082 _b61258
100 _aभट विठ्ठलराय
245 _aअजब भारती ( य ) विनोदी स्वभाव कथा
260 _c1988
300 _a112
600 _aभट विठ्ठलराय
630 _aअजब भारती ( य ) विनोदी स्वभाव कथा
700 _aभट विठ्ठलराय
730 _aअजब भारती ( य ) विनोदी स्वभाव कथा
942 _cBOOK
999 _c300060
_d300060